000 00442nam a22001577a 4500
005 20251108172147.0
008 250721s1990 xx 000 0 ara d
082 1 4 _a658.8/علي
100 1 _aذياب، علي
245 1 0 _aإدارة المبيعات /
264 1 _aعمان :
_bمركز الخوارزمي - كلية الخوارزمي،
_c1990.
300 _a145ص
650 1 7 _aالتسويق
942 _2ddc
_cBK
999 _c71957
_d71957